000 01064nam a2200313 i 4500
001 bg
100 1 _aPayne, Chris.
245 1 0 _aASP.NET dla każdego :
_bpodstawy technologii ASP.NET, techniki operowania na danych, aplikacje ASP.NET /
_cChris Payne ; [tł. Andrzej Będkowski (rozdz.1-10), Piotr Rajca (rozdz. 11-21).
246 _iTyt. oryg.:
_aTeach yourself ASP.NET in 21 days
260 _aGliwice :
_b"Helion",
_c2002.
300 _a716 s. ;
_c24 cm +
_eCD ROM.
490 1 _aDla Każdego
500 _aTyt. oryg.: "Teach yourself ASP.NET in 21 days".
504 _aIndeks.
650 9 _aASP.NET
650 9 _aInternet
650 9 _aStrony WWW
_xprogramowanie
655 _aPodręczniki
830 _aDla Każdego
020 _a8371976070
040 _cBPK
041 1 _apol
_heng
080 _a004.738.5
080 _a004.77
920 _a83-7197-607-0
942 _cKS
008 s pl f |000 0 pol
999 _c42976
_d42976
856 _uhttp://koha.tu.koszalin.pl/cgi-bin/koha/opac-detail.pl?biblionumber=42976
_yKatalog online BPK